[Event "XI Open"]
[Site "Crema ITA"]
[Date "2009.09.05"]
[Round "4"]
[White "Scarpellini, Felice"]
[Black "Guzzetti, Luigi Enrico"]
[Result "0-1"]
[WhiteElo "1823"]
[BlackElo "1863"]
[PlyCount "102"]
[EventDate "2009.09.04"]

1. c4 Nf6 2. Nc3 g6 3. g3 Bg7 4. Bg2 d6 5. e4 O-O 6. Nge2 c5 7. O-O Nc6 8. f4
Bg4 9. h3 Bxe2 10. Nxe2 Qc7 11. d3 Rab8 12. Nc3 a6 13. Nd5 Nxd5 14. cxd5 Nd4
15. Be3 b5 16. Rc1 Qa5 17. a3 b4 18. Bd2 Qb5 19. Be1 bxa3 20. bxa3 Qb3 21. Bf2
Qxa3 22. Kh1 Rb6 23. Ra1 Qb3 24. Qd2 Qb4 25. Qd1 Rfb8 26. Ra4 Qb3 27. Qxb3 Nxb3
28. Re1 Bc3 29. Re2 a5 30. Rc2 Bd4 31. Bxd4 Nxd4 32. Rca2 Nb3 33. Kh2 Rb4 34.
R4a3 Ra8 35. Bf3 Nd4 36. Bd1 Rb1 37. Bg4 Rab8 38. Rxa5 R8b2+ 39. Rxb2 Rxb2+ 40.
Kg1 h5 41. Bd7 Ne2+ 42. Kf2 Nxf4+ 43. Ke3 Ng2+ 44. Kf3 Ne1+ 45. Ke3 Nc2+ 46.
Kf4 Nd4 47. g4 f6 48. gxh5 Rf2+ 49. Kg4 g5 50. Be6+ Kg7 51. Ra8 Rg2# 0-1

[Event "XI Open"]
[Site "Crema ITA"]
[Date "2009.09.05"]
[Round "4"]
[White "Tedoldi, Guido"]
[Black "Folcini, Gaddo"]
[Result "0-1"]
[WhiteElo "1774"]
[BlackElo "1514"]
[PlyCount "76"]
[EventDate "2009.09.04"]

1. c4 Nf6 2. Nc3 e5 3. e4 Bc5 4. Nf3 Nc6 5. d3 Ng4 6. Be3 Bxe3 7. fxe3 Nxe3 8.
Qd2 Nd4 9. Nxd4 exd4 10. Nb5 c5 11. Nd6+ Kf8 12. Nf5 Nxf5 13. exf5 d6 14. Qf4
Qa5+ 15. Kf2 Qb6 16. b3 Bd7 17. Re1 Qa6 18. Be2 Re8 19. a4 h5 20. Bd1 Rh6 21.
Rxe8+ Kxe8 22. Re1+ Kd8 23. Qg5+ Kc7 24. Qxg7 d5 25. Qe5+ Rd6 26. Bxh5 Bxf5 27.
Bxf7 Bd7 28. Bxd5 Qb6 29. Be6 Bxe6 30. Qg7+ Bd7 31. Re7 Qxb3 32. Qe5 Qc2+ 33.
Qe2 Rf6+ 34. Kg3 Qxa4 35. Qe5+ Rd6 36. Qxc5+ Qc6 37. Qe5 Kd8 38. Qg5 Rg6 0-1

[Event "XI Open"]
[Site "Crema ITA"]
[Date "2009.09.05"]
[Round "4"]
[White "Vishanji, Franz"]
[Black "Lorenzotti, Fabrizio"]
[Result "0-1"]
[WhiteElo "1646"]
[BlackElo "1733"]
[PlyCount "27"]
[EventDate "2009.09.04"]

1. e4 c5 2. Nf3 d6 3. d4 cxd4 4. Nxd4 a6 5. Nc3 Nf6 6. Bg5 e6 7. Be2 Be7 8. O-O
O-O 9. Qd3 h6 10. Bd2 Nbd7 11. Qg3 Kh8 12. Rfe1 Nc5 13. Rad1 b5 14. Bf4 0-1

[Event "XI Open"]
[Site "Crema ITA"]
[Date "2009.09.06"]
[Round "5"]
[White "Adami, Antonio"]
[Black "Raimondi, Giorgio"]
[Result "1/2-1/2"]
[WhiteElo "1617"]
[BlackElo "1428"]
[PlyCount "109"]
[EventDate "2009.09.04"]

1. e4 c5 2. Nf3 Nc6 3. d4 cxd4 4. Nxd4 d6 5. Be2 g6 6. O-O Bg7 7. c3 Nf6 8. f3
O-O 9. Be3 a6 10. a4 Ne5 11. f4 Neg4 12. Bd2 Nh6 13. Bf3 e5 14. fxe5 dxe5 15.
Ne2 Qb6+ 16. Kh1 Qxb2 17. Na3 Qb6 18. Nc4 Qc5 19. Ne3 Nhg4 20. Nxg4 Bxg4 21. h3
Bxf3 22. gxf3 Rad8 23. Qc1 Nh5 24. Qc2 Qc4 25. Rf2 Qd3 26. Ra2 Qxc2 27. Rxc2 f5
28. exf5 gxf5 29. Rg2 Nf6 30. Bh6 Rf7 31. Bg5 Rd6 32. h4 Kf8 33. Be3 Rc6 34. a5
e4 35. fxe4 Nxe4 36. Bd4 Bxd4 37. Nxd4 Rxc3 38. Rxc3 Nxc3 39. Ne6+ Ke7 40. Nc5
Kd6 41. Nd3 f4 42. Rg5 Nd5 43. Kg2 f3+ 44. Kf2 h6 45. Rh5 Rf6 46. Kg3 f2 47.
Nxf2 Rg6+ 48. Kf3 Nf6 49. Ne4+ Nxe4 50. Kxe4 Kc7 51. Kd5 b6 52. axb6+ Kxb6 53.
Kc4 Rc6+ 54. Kb4 Kb7 55. Ka4 1/2-1/2

[Event "XI Open"]
[Site "Crema ITA"]
[Date "2009.09.06"]
[Round "5"]
[White "Agnelli, Francesco"]
[Black "Distratis, Gianluca"]
[Result "0-1"]
[WhiteElo "2051"]
[BlackElo "1926"]
[PlyCount "82"]
[EventDate "2009.09.04"]

1. e4 d5 2. exd5 Nf6 3. d4 Nxd5 4. Nf3 g6 5. c4 Nb6 6. Nc3 Bg7 7. Be3 O-O 8.
Be2 Nc6 9. Rc1 Bg4 10. d5 Bxf3 11. gxf3 Ne5 12. b3 e6 13. f4 Ned7 14. dxe6 fxe6
15. Bf3 c6 16. O-O e5 17. fxe5 Nxe5 18. Bg2 Qh4 19. h3 Rad8 20. Qe2 Nd3 21.
Rcd1 Nf4 22. Bxf4 Qxf4 23. Rxd8 Rxd8 24. Rd1 Rxd1+ 25. Nxd1 Qe5 26. Qd3 Bf6 27.
Ne3 Qa1+ 28. Bf1 Qd4 29. Qe2 h5 30. Qf3 Qe5 31. Bd3 Qg5+ 32. Kf1 Nd7 33. Qe4
Kg7 34. f4 Qg3 35. Ng2 Nc5 36. Qxg6+ Qxg6 37. Bxg6 Kxg6 38. Ke2 Kf5 39. Kf3 Nd3
40. Ne3+ Ke6 41. h4 Nc5 0-1

[Event "XI Open"]
[Site "Crema ITA"]
[Date "2009.09.06"]
[Round "5"]
[White "Arena, Piermario"]
[Black "Magrini, Fabrizio"]
[Result "0-1"]
[WhiteElo "1900"]
[BlackElo "2150"]
[PlyCount "106"]
[EventDate "2009.09.04"]

1. e4 c5 2. c3 Nf6 3. e5 Nd5 4. d4 cxd4 5. Nf3 Nc6 6. cxd4 d6 7. Bc4 Nb6 8. Bb5
a6 9. Bxc6+ bxc6 10. O-O e6 11. Nbd2 Be7 12. Ne4 d5 13. Ng3 h5 14. Be3 Nd7 15.
Rc1 Qb6 16. Ng5 g6 17. Qf3 Rf8 18. Nh7 Rh8 19. Ng5 Bxg5 20. Bxg5 Qxd4 21. Bf6
Nxf6 22. Qxf6 Rf8 23. Rxc6 Bd7 24. Rc2 Rc8 25. Rxc8+ Bxc8 26. Rc1 Bd7 27. h4
Qxb2 28. Qg5 Qxa2 29. Rc7 Qb1+ 30. Rc1 Qb6 31. Ne2 Qd8 32. Ra1 Qxg5 33. hxg5
Bb5 34. Nd4 Kd7 35. Rb1 Rb8 36. f4 Kc7 37. Kf2 Bc4 38. Rxb8 Kxb8 39. Ke3 Kc7
40. Kd2 Kb6 41. Kc3 Kc5 42. g3 a5 43. f5 gxf5 44. g6 fxg6 45. Nxe6+ Kc6 46. Nf4
g5 47. Nxh5 a4 48. Ng7 f4 49. gxf4 gxf4 50. Nf5 a3 51. Nd4+ Kd7 52. Nf3 a2 53.
Kb2 Ke6 0-1

[Event "XI Open"]
[Site "Crema ITA"]
[Date "2009.09.06"]
[Round "5"]
[White "Bocci, Alessandro"]
[Black "Bonazzi, Edoardo"]
[Result "1/2-1/2"]
[WhiteElo "1936"]
[BlackElo "2191"]
[PlyCount "116"]
[EventDate "2009.09.04"]

1. d4 Nf6 2. c4 c5 3. d5 b5 4. cxb5 a6 5. b6 e6 6. Nc3 Nxd5 7. Nxd5 exd5 8.
Qxd5 Nc6 9. Nf3 Rb8 10. e4 Be7 11. Bc4 O-O 12. O-O Rxb6 13. Ne5 Nxe5 14. Qxe5
d6 15. Qg3 Bf6 16. Rb1 Be6 17. Bxe6 fxe6 18. b3 Qb8 19. Be3 Rb4 20. Rbd1 Bd4
21. Bxd4 Rxd4 22. Rxd4 cxd4 23. Qd3 Qb6 24. Qc4 Re8 25. Rd1 Qa5 26. b4 d5 27.
Qc6 Qb5 28. Qxb5 axb5 29. Rxd4 Ra8 30. exd5 Rxa2 31. g3 e5 32. Re4 Rd2 33. Rxe5
Rd4 34. d6 Rxd6 35. Rxb5 Rd1+ 36. Kg2 Rb1 37. Rb7 Rb3 38. b5 h6 39. g4 Kh7 40.
b6 Kg6 41. Rb8 h5 42. gxh5+ Kxh5 43. b7 Kg6 44. f3 Kh7 45. Kg3 Rb1 46. h4 Rg1+
47. Kf4 Rb1 48. Kf5 Rb5+ 49. Kg4 Rb4+ 50. f4 Rb1 51. h5 Rg1+ 52. Kf5 Rb1 53. h6
Rb5+ 54. Ke6 Rb6+ 55. Kd5 g6 56. Ke5 Rb4 57. Ke6 Rb6+ 58. Kd7 Rb1 1/2-1/2

[Event "XI Open"]
[Site "Crema ITA"]
[Date "2009.09.06"]
[Round "5"]
[White "Bontempi, Piero"]
[Black "Colombo, Luca"]
[Result "1-0"]
[WhiteElo "2359"]
[BlackElo "1850"]
[PlyCount "71"]
[EventDate "2009.09.04"]

1. e4 c5 2. c3 Nf6 3. e5 Nd5 4. Nf3 Nc6 5. Na3 a6 6. Be2 e6 7. Nc4 Qc7 8. a4
Nb6 9. Nxb6 Qxb6 10. O-O d5 11. Bd3 g6 12. b3 Bg7 13. Re1 Qc7 14. Qe2 O-O 15.
Ba3 b6 16. h4 Bb7 17. h5 Rfd8 18. Rac1 Ne7 19. Bb1 b5 20. d4 c4 21. Bd6 Qd7 22.
hxg6 hxg6 23. axb5 axb5 24. b4 Ra3 25. Nh2 Nf5 26. Bc5 Nh6 27. Ng4 Nxg4 28.
Qxg4 Bc8 29. Re3 Bh6 30. Rh3 Kg7 31. Rxh6 Kxh6 32. Qh4+ Kg7 33. Be7 Rg8 34.
Qf6+ Kh7 35. g4 Ra7 36. Kg2 1-0

[Event "XI Open"]
[Site "Crema ITA"]
[Date "2009.09.06"]
[Round "5"]
[White "Bozzali, Ermanno"]
[Black "Castrogiovanni, Carlo"]
[Result "1-0"]
[WhiteElo "2090"]
[BlackElo "2018"]
[PlyCount "133"]
[EventDate "2009.09.04"]

1. e4 c5 2. Nf3 a6 3. c4 e6 4. Nc3 Qc7 5. d4 cxd4 6. Nxd4 Nf6 7. Be2 b6 8. Be3
Bb7 9. f3 Be7 10. O-O O-O 11. Kh1 d6 12. Qd2 Nbd7 13. Rac1 Rac8 14. b4 Qb8 15.
a3 Rfd8 16. Rfd1 Bf8 17. Qe1 d5 18. cxd5 exd5 19. exd5 Nxd5 20. Nxd5 Rxc1 21.
Rxc1 Bxd5 22. Bxa6 Qa8 23. Qf1 Nb8 24. b5 Bxa3 25. Rc8 Rxc8 26. Bxc8 Bc5 27.
Nf5 Bxe3 28. Nxe3 Be6 29. Bxe6 fxe6 30. Qd1 Qa7 31. h4 Qd7 32. Qxd7 Nxd7 33.
Kg1 Kf7 34. Kf2 e5 35. Ke2 Ke6 36. Kd3 g6 37. Kc4 Nf6 38. g4 Kd6 39. g5 Nd7 40.
Nd5 Ke6 41. Nf6 Nxf6 42. gxf6 h6 43. f7 Kxf7 44. Kd5 Kf6 45. Kc6 g5 46. hxg5+
hxg5 47. Kxb6 e4 48. fxe4 g4 49. Kc6 g3 50. b6 g2 51. b7 g1=Q 52. b8=Q Qc1+ 53.
Kd7 Qc4 54. Qd6+ Kg7 55. e5 Qa4+ 56. Kd8 Qa8+ 57. Kd7 Qa4+ 58. Ke7 Qa7+ 59. Qd7
Qc5+ 60. Ke8+ Kh8 61. e6 Qh5+ 62. Kd8 Qe5 63. Ke8 Qh5+ 64. Qf7 Qb5+ 65. Kf8
Qb8+ 66. Qe8 Qf4+ 67. Ke7+ 1-0

[Event "XI Open"]
[Site "Crema ITA"]
[Date "2009.09.06"]
[Round "5"]
[White "Caramaschi, Vincenzo"]
[Black "Carletti, Davide"]
[Result "1-0"]
[WhiteElo "1646"]
[BlackElo "1497"]
[PlyCount "47"]
[EventDate "2009.09.04"]

1. e4 e5 2. Nf3 Nc6 3. Bc4 Bc5 4. c3 Nf6 5. Qc2 d6 6. a4 h6 7. b4 Nxb4 8. cxb4
Bxb4 9. Qb3 Ba5 10. Bxf7+ Kf8 11. Nh4 g5 12. Ng6+ Kg7 13. Nxh8 Kxh8 14. O-O h5
15. d4 g4 16. f3 gxf3 17. gxf3 Bb6 18. Kh1 Qe7 19. Bg5 Bh3 20. Rg1 Nxe4 21.
fxe4 Qd7 22. Bf6+ Kh7 23. Bg8+ Kh6 24. Qe3# 1-0

[Event "XI Open"]
[Site "Crema ITA"]
[Date "2009.09.06"]
[Round "5"]
[White "Carletti, Angelo"]
[Black "Annoni, Riccardo"]
[Result "1/2-1/2"]
[WhiteElo "1565"]
[BlackElo "2087"]
[PlyCount "43"]
[EventDate "2009.09.04"]

1. e4 c5 2. Nf3 e6 3. c3 Nf6 4. e5 Nd5 5. Bc4 Nb6 6. Bb3 c4 7. Bc2 d5 8. d4
cxd3 9. Bxd3 Nc6 10. O-O Nd7 11. Bf4 Be7 12. Bg3 O-O 13. Nbd2 f5 14. exf6 gxf6
15. Nd4 Nc5 16. Bxh7+ Kxh7 17. Qh5+ Kg7 18. Qg4+ Kf7 19. Qh5+ Kg7 20. Qg4+ Kf7
21. Qh5+ Kg7 22. Qg4+ 1/2-1/2

[Event "XI Open"]
[Site "Crema ITA"]
[Date "2009.09.06"]
[Round "5"]
[White "Cautiero, Pietro"]
[Black "Casartelli, Fabio"]
[Result "0-1"]
[WhiteElo "1679"]
[BlackElo "1908"]
[PlyCount "66"]
[EventDate "2009.09.04"]

1. d4 Nf6 2. Nf3 d5 3. e3 e6 4. Bd3 Be7 5. b3 Nbd7 6. Nbd2 c5 7. O-O O-O 8. Bb2
b6 9. c4 Bb7 10. Re1 Ne4 11. Qc2 f5 12. Ne5 Nxe5 13. dxe5 Bg5 14. f3 Nxd2 15.
Qxd2 d4 16. f4 dxe3 17. Qxe3 Bh4 18. Re2 Qe8 19. Qh3 Be7 20. Rd1 Rd8 21. Red2
Qc6 22. Qg3 Rd7 23. Bf1 Rfd8 24. Qe3 Kf7 25. Rxd7 Rxd7 26. Rxd7 Qxd7 27. Qd3
Qc6 28. Bc3 h6 29. Bd2 a5 30. a4 Qe4 31. Qh3 Qd4+ 32. Be3 Qd1 33. Bf2 Be4 0-1

[Event "XI Open"]
[Site "Crema ITA"]
[Date "2009.09.06"]
[Round "5"]
[White "Cervini, Ernesto"]
[Black "De Paoli, Emilio"]
[Result "0-1"]
[WhiteElo "1822"]
[BlackElo "1914"]
[PlyCount "108"]
[EventDate "2009.09.04"]

1. e4 d5 2. exd5 Nf6 3. d4 Nxd5 4. Nf3 g6 5. c3 Bg7 6. Bd3 O-O 7. O-O b6 8. Re1
Nf6 9. Nbd2 Bb7 10. Qc2 Nbd7 11. h3 c5 12. Ne4 cxd4 13. Nxf6+ exf6 14. Nxd4 Nc5
15. Bc4 f5 16. Be3 Qc7 17. Bf1 f4 18. Bd2 Ne6 19. Nxe6 fxe6 20. Rxe6 Bc8 21.
Ree1 f3 22. g3 Qc5 23. Rad1 Bf5 24. Qb3+ Kh8 25. Be3 Qc8 26. Kh2 Be6 27. Qc2
Rf5 28. Bd4 Rh5 29. Rxe6 Qxe6 30. Qd2 Rg8 31. Re1 Qd7 32. Bxg7+ Rxg7 33. Qe3
Rf5 34. Qe8+ Qxe8 35. Rxe8+ Rg8 36. Re7 Ra5 37. g4 h5 38. Kg3 Rg7 39. Re8+ Kh7
40. Bd3 hxg4 41. hxg4 Rxa2 42. Rf8 Rxb2 43. Rxf3 Rd2 44. Bb5 Rd1 45. Rf8 Rc1
46. c4 Re7 47. Rf6 Kg7 48. g5 Rg1+ 49. Kf4 Rf7 50. Rxf7+ Kxf7 51. f3 Re1 52.
Kg3 a5 53. Ba4 Ra1 54. Bb3 a4 0-1

[Event "XI Open"]
[Site "Crema ITA"]
[Date "2009.09.06"]
[Round "5"]
[White "Christen, Peter Walter"]
[Black "Vishanji, Franz"]
[Result "1/2-1/2"]
[WhiteElo "1420"]
[BlackElo "1646"]
[PlyCount "72"]
[EventDate "2009.09.04"]

1. e4 e5 2. Nf3 Nc6 3. Bc4 d6 4. d3 Bg4 5. Be3 Nf6 6. Nbd2 Qd7 7. h3 Be6 8. a3
d5 9. exd5 Nxd5 10. O-O Nxe3 11. fxe3 Bc5 12. Qe2 O-O-O 13. b4 Be7 14. Bxe6
Qxe6 15. Nh2 Rd7 16. b5 Nd8 17. Qg4 Qxg4 18. Nxg4 Bg5 19. Nc4 f6 20. e4 Ne6 21.
a4 Nd4 22. Nge3 Ne2+ 23. Kf2 Bxe3+ 24. Kxe2 Bd4 25. Rab1 Rf8 26. Nd2 Kd8 27.
Nf3 Ke7 28. Rb4 Ke6 29. Ng5+ fxg5 30. Rxd4 Rxf1 31. Rxd7 Kxd7 32. Kxf1 Kd6 33.
Ke2 Kc5 34. Ke3 c6 35. bxc6 Kxc6 36. d4 exd4+ 1/2-1/2

[Event "XI Open"]
[Site "Crema ITA"]
[Date "2009.09.06"]
[Round "5"]
[White "Delle Fave, Fabio"]
[Black "Cappa, Enrico"]
[Result "0-1"]
[WhiteElo "1774"]
[BlackElo "1529"]
[PlyCount "116"]
[EventDate "2009.09.04"]

1. e4 e5 2. Nf3 Nf6 3. d3 Nc6 4. c4 Bc5 5. h3 d6 6. Nc3 O-O 7. a3 Nd4 8. b4
Nxf3+ 9. Qxf3 Bd4 10. Bb2 c6 11. Na4 Bxb2 12. Nxb2 Qb6 13. Na4 Qd4 14. Rc1 b5
15. cxb5 cxb5 16. Nc3 Bd7 17. Qe3 Rfc8 18. Qxd4 exd4 19. Ne2 Rxc1+ 20. Nxc1 a5
21. Nb3 axb4 22. axb4 Ra4 23. Nxd4 Rxb4 24. Nc2 Rb1+ 25. Kd2 b4 26. g4 b3 27.
Na3 Ra1 28. Nc4 d5 29. exd5 Nxd5 30. Bg2 Ra2+ 31. Kc1 Rc2+ 32. Kd1 Nc3+ 33. Ke1
Re2+ 34. Kf1 b2 35. Na3 Rd2 36. Be4 Nxe4 37. dxe4 Rd1+ 38. Kg2 Rxh1 39. Kxh1
Be6 40. Kg2 Ba2 41. Kf3 b1=Q 42. Nxb1 Bxb1 43. g5 Kf8 44. Kf4 Ke7 45. Ke5 f6+
46. gxf6+ gxf6+ 47. Kf5 h5 48. f3 Bd3 49. Kg6 Be2 50. Kxh5 Bxf3+ 51. Kh6 Bxe4
52. h4 Ke6 53. Kh5 Ke5 54. Kg4 f5+ 55. Kg3 f4+ 56. Kg4 Bf5+ 57. Kf3 Bg6 58. Kg4
Ke4 0-1

[Event "XI Open"]
[Site "Crema ITA"]
[Date "2009.09.06"]
[Round "5"]
[White "Foglia, Maurizio"]
[Black "Gerundino, Nicola"]
[Result "1-0"]
[WhiteElo "2147"]
[BlackElo "1961"]
[PlyCount "99"]
[EventDate "2009.09.04"]

1. d4 Nf6 2. Nf3 e6 3. g3 d5 4. c4 Be7 5. Bg2 O-O 6. O-O b6 7. Ne5 Bb7 8. Qc2
Nbd7 9. Rd1 Rc8 10. cxd5 exd5 11. Nc6 Bxc6 12. Qxc6 Nb8 13. Qa4 a6 14. Nc3 c6
15. b4 Re8 16. Bf4 Bd6 17. Bxd6 Qxd6 18. Rac1 Rc7 19. Qb3 b5 20. a4 Nbd7 21.
axb5 axb5 22. Ra1 Nb6 23. Ra6 Rb7 24. e3 Qd7 25. Ne2 Nc4 26. Nf4 Ra7 27. Rda1
Rea8 28. R6a2 g6 29. Nd3 Rxa2 30. Rxa2 Rxa2 31. Qxa2 Qe8 32. Nc5 Kg7 33. h3 h5
34. Qa7 Nd2 35. Qc7 Nc4 36. Kh2 Nd2 37. Nd3 Qd7 38. Qf4 Nc4 39. Nc5 Qd6 40. Qf3
Nd2 41. Qe2 Nc4 42. Kg1 Nd7 43. Qd3 Nxc5 44. dxc5 Qe6 45. e4 dxe4 46. Qxe4 Qxe4
47. Bxe4 Ne5 48. f4 f5 49. fxe5 fxe4 50. Kf2 1-0

[Event "XI Open"]
[Site "Crema ITA"]
[Date "2009.09.06"]
[Round "5"]
[White "Folcini, Gaddo"]
[Black "Casale, Anania"]
[Result "0-1"]
[WhiteElo "1514"]
[BlackElo "1694"]
[PlyCount "52"]
[EventDate "2009.09.04"]

1. d4 Nf6 2. e4 Nxe4 3. Nf3 d5 4. Ne5 Nf6 5. Nd2 e6 6. Ndf3 h6 7. Bd3 Bd6 8.
Bf4 Nbd7 9. Ng6 fxg6 10. Bxg6+ Ke7 11. Ne5 Bxe5 12. dxe5 Ne4 13. Qg4 Qf8 14.
Qh4+ Ndf6 15. Bxe4 dxe4 16. exf6+ Qxf6 17. Qg3 Bd7 18. Bxc7 Bc6 19. Bd6+ Kf7
20. Be5 Qg6 21. Qh3 Rhd8 22. O-O Rd2 23. Qc3 Rad8 24. Qa5 Kg8 25. Bc7 e3 26. f3
Qxg2# 0-1

[Event "XI Open"]
[Site "Crema ITA"]
[Date "2009.09.06"]
[Round "5"]
[White "Gonella, Daniele"]
[Black "Mussap, Angelo"]
[Result "1/2-1/2"]
[WhiteElo "1827"]
[BlackElo "2045"]
[PlyCount "78"]
[EventDate "2009.09.04"]

1. e4 e5 2. Nf3 Nc6 3. Bb5 a6 4. Bxc6 dxc6 5. O-O Bg4 6. h3 Bh5 7. Nc3 Qf6 8.
d3 h6 9. b3 Bb4 10. Bb2 O-O-O 11. Nb1 Bd6 12. Nbd2 Ne7 13. Nc4 Bxf3 14. Qxf3
Qxf3 15. gxf3 Ng6 16. Kh2 Nh4 17. Nxd6+ cxd6 18. Kg3 g5 19. Bc1 Ng6 20. Re1 Kd7
21. Kg2 Ke6 22. Kf1 f5 23. Ke2 Rdf8 24. Be3 Rh7 25. Rg1 Rhf7 26. c3 Nh4 27.
Raf1 Rf6 28. b4 R8f7 29. a4 d5 30. Rb1 fxe4 31. fxe4 d4 32. cxd4 Nf3 33. d5+
cxd5 34. exd5+ Kxd5 35. Rbc1 Nd4+ 36. Kf1 Nf5 37. Rc5+ Kd6 38. Bc1 Ne7 39. Be3
Nd5 1/2-1/2

[Event "XI Open"]
[Site "Crema ITA"]
[Date "2009.09.06"]
[Round "5"]
[White "Guglielmetti, Oscar"]
[Black "Poletti, Fausto"]
[Result "1/2-1/2"]
[WhiteElo "1817"]
[BlackElo "1902"]
[PlyCount "63"]
[EventDate "2009.09.04"]

1. f4 d5 2. Nf3 c5 3. b3 Nf6 4. Bb2 e6 5. e3 Nc6 6. Be2 Be7 7. O-O O-O 8. Ne5
Nxe5 9. fxe5 Nd7 10. Qe1 f5 11. exf6 Bxf6 12. Bxf6 Rxf6 13. Nc3 Rxf1+ 14. Qxf1
Qf6 15. Qf3 Qxf3 16. Bxf3 Ne5 17. Be2 b6 18. Nb5 Bd7 19. d4 Nf7 20. Rd1 Kf8 21.
Na3 Ke7 22. c4 dxc4 23. Bf3 Rc8 24. Nxc4 cxd4 25. exd4 b5 26. Ne3 Kd6 27. Be4
g6 28. h4 Rg8 29. Rf1 Ke7 30. d5 Nd6 31. dxe6 Bxe6 32. Bd5 1/2-1/2

[Event "XI Open"]
[Site "Crema ITA"]
[Date "2009.09.06"]
[Round "5"]
[White "Guzzetti, Luigi Enrico"]
[Black "Bongiorni, Gabriele"]
[Result "1-0"]
[WhiteElo "1863"]
[BlackElo "1792"]
[PlyCount "110"]
[EventDate "2009.09.04"]

1. e4 c5 2. Nf3 d6 3. d4 cxd4 4. Nxd4 Nf6 5. Nc3 g6 6. Be2 Bg7 7. Be3 Nc6 8.
O-O O-O 9. Qd2 d5 10. exd5 Nxd5 11. Nxd5 Nxd4 12. Rfd1 Nxe2+ 13. Qxe2 e6 14.
Nb6 Qe7 15. Nxa8 b6 16. c3 Bb7 17. Nxb6 axb6 18. Bxb6 Rc8 19. Qb5 Qh4 20. Bd4
Qe4 21. Qg5 Bh6 22. Qg3 Bf4 23. Qf3 Qxf3 24. gxf3 Bxf3 25. Re1 Bd2 26. Re5 Bd5
27. Be3 Bxe3 28. Rxe3 Rc4 29. b3 Rg4+ 30. Rg3 Re4 31. c4 Bb7 32. a4 h5 33. a5
h4 34. Re3 Rg4+ 35. Kf1 Rg2 36. a6 Ba8 37. Rd3 Kg7 38. a7 Rxh2 39. Ke2 g5 40.
Rd8 Be4 41. a8=Q Bxa8 42. Rdxa8 g4 43. Kf1 f5 44. Kg1 Rh3 45. b4 f4 46. c5 Rb3
47. Rb8 g3 48. fxg3 hxg3 49. c6 f3 50. c7 Rb2 51. c8=Q Rg2+ 52. Kf1 Rf2+ 53.
Ke1 Re2+ 54. Kd1 g2 55. Qg8+ Kf6 1-0

[Event "XI Open"]
[Site "Crema ITA"]
[Date "2009.09.06"]
[Round "5"]
[White "Lanni, Vincenzo"]
[Black "Madaschi, Sergio"]
[Result "0-1"]
[WhiteElo "1817"]
[BlackElo "1576"]
[PlyCount "58"]
[EventDate "2009.09.04"]

1. d4 Nf6 2. g3 g6 3. Bg2 Bg7 4. Nf3 d6 5. O-O O-O 6. c3 Nbd7 7. Nbd2 c6 8. e4
e5 9. Qc2 Qc7 10. b3 Re8 11. Ba3 Nf8 12. dxe5 dxe5 13. Nc4 c5 14. Rfd1 Bg4 15.
Ne3 Qa5 16. Bc1 Rad8 17. Nc4 Qc7 18. Rxd8 Rxd8 19. Nfxe5 Be6 20. Bf4 Qc8 21.
Bg5 h6 22. Be3 b6 23. Rd1 Ng4 24. Rxd8 Qxd8 25. Qd2 Qxd2 26. Bxd2 Bd7 27. f4 h5
28. Nf3 Nh7 29. e5 f6 0-1

[Event "XI Open"]
[Site "Crema ITA"]
[Date "2009.09.06"]
[Round "5"]
[White "Leoni, Livio"]
[Black "Frugoni, Giulio"]
[Result "1-0"]
[WhiteElo "2017"]
[BlackElo "1762"]
[PlyCount "55"]
[EventDate "2009.09.04"]

1. e4 c5 2. Nf3 Nc6 3. Nc3 d6 4. d4 cxd4 5. Nxd4 a6 6. Be3 Nf6 7. f3 e6 8. Qd2
Nxd4 9. Bxd4 e5 10. Be3 Be7 11. O-O-O O-O 12. g4 b5 13. g5 Ne8 14. h4 Qa5 15.
Kb1 Bb7 16. Nd5 Bd8 17. Qf2 Bxd5 18. Rxd5 Rc8 19. Bh3 Rc4 20. b3 Qa3 21. Bc1
Rxc2 22. Qxc2 Qa5 23. Be3 Bb6 24. Bd2 Qa3 25. Qb2 Bc5 26. Qxa3 Bxa3 27. b4 Nc7
28. Rd3 1-0

[Event "XI Open"]
[Site "Crema ITA"]
[Date "2009.09.06"]
[Round "5"]
[White "Lorenzotti, Fabrizio"]
[Black "Scarabelli, Maurizio"]
[Result "0-1"]
[WhiteElo "1733"]
[BlackElo "1889"]
[PlyCount "150"]
[EventDate "2009.09.04"]

1. e4 c5 2. Nf3 e6 3. d4 cxd4 4. Nxd4 a6 5. Nc3 Qc7 6. Be2 Bb4 7. Bd2 Bc5 8.
Be3 Bb4 9. Qd2 Nf6 10. Bf3 O-O 11. a3 Be7 12. g4 d6 13. h4 Nc6 14. Nxc6 bxc6
15. g5 Nd7 16. Be2 Rb8 17. Qc1 d5 18. f4 Bc5 19. Bxc5 Nxc5 20. Qe3 Qb6 21. b4
Nd7 22. Qxb6 Nxb6 23. O-O-O Bb7 24. Rd4 Rfc8 25. Kb2 c5 26. bxc5 Rxc5 27. exd5
Bxd5 28. Nxd5 Nxd5+ 29. Kc1 Rc3 30. Rd3 Nxf4 31. Rxc3 Nxe2+ 32. Kd2 Nxc3 33.
Kxc3 Kf8 34. Rd1 Ke7 35. Rd4 Rb7 36. Kc4 Rc7+ 37. Kb3 e5 38. Rd5 Ke6 39. c4 f5
40. gxf6 gxf6 41. Kc3 f5 42. Rd8 f4 43. Re8+ Kf5 44. Kd3 Rd7+ 45. Ke2 e4 46.
Rf8+ Kg4 47. h5 Rb7 48. c5 Rc7 49. Re8 Rxc5 50. Rxe4 Rxh5 51. Re7 Rh2+ 52. Kf1
Kf3 53. Kg1 Rh3 54. a4 Rg3+ 55. Kf1 h5 56. Rh7 Rg5 57. Rh6 Rc5 58. Ke1 Ra5 59.
Kd1 Kg4 60. Rg6+ Kf5 61. Rh6 Kg5 62. Rh8 Rxa4 63. Rg8+ Kh4 64. Rf8 Kg3 65. Rg8+
Kf3 66. Rh8 Ra5 67. Ra8 Kf2 68. Rf8 f3 69. Rf6 h4 70. Kc2 h3 71. Rh6 Kg3 72.
Rg6+ Kh4 73. Rh6+ Rh5 74. Rxa6 h2 75. Ra1 Kg3 0-1

[Event "XI Open"]
[Site "Crema ITA"]
[Date "2009.09.06"]
[Round "5"]
[White "Mansueti, Marco"]
[Black "Paglia, Angelo"]
[Result "1-0"]
[WhiteElo "1859"]
[BlackElo "1615"]
[PlyCount "69"]
[EventDate "2009.09.04"]

1. d4 Nf6 2. c4 g6 3. Nc3 d5 4. cxd5 Nxd5 5. e4 Nxc3 6. bxc3 Bg7 7. Bc4 c5 8.
Ne2 O-O 9. O-O Nc6 10. Be3 cxd4 11. cxd4 Na5 12. Rc1 Nxc4 13. Rxc4 b6 14. Re1
Ba6 15. Rc2 Bxe2 16. Rexe2 Rc8 17. d5 Rxc2 18. Rxc2 Qd7 19. Rc4 Rc8 20. Qc2
Rxc4 21. Qxc4 e6 22. Qc6 Qxc6 23. dxc6 Be5 24. Bd4 Bc7 25. Bf6 e5 26. Kf1 h6
27. h4 Kf8 28. Ke2 Bd6 29. Kd3 Ke8 30. Kc4 a6 31. Kd5 Bc7 32. Bxe5 Kd8 33. g3
b5 34. Bxc7+ Kxc7 35. Kc5 1-0

[Event "XI Open"]
[Site "Crema ITA"]
[Date "2009.09.06"]
[Round "5"]
[White "Marchesotti, Giovanni"]
[Black "Gonella, Graziano"]
[Result "0-1"]
[WhiteElo "1643"]
[BlackElo "1152"]
[PlyCount "87"]
[EventDate "2009.09.04"]

1. b3 Nf6 2. Bb2 d5 3. e3 Nc6 4. Be2 e5 5. Nf3 Bc5 6. Nxe5 Nxe5 7. Bxe5 Bd6 8.
Bb2 Qe7 9. Nc3 O-O 10. O-O c6 11. d3 a6 12. Bf3 Be6 13. Ne2 Rab8 14. Nd4 Bd7
15. a4 Be5 16. c3 c5 17. Nc2 b6 18. Re1 Rfe8 19. d4 Bd6 20. e4 dxe4 21. Bxe4
Nxe4 22. dxc5 Bxh2+ 23. Kxh2 Qh4+ 24. Kg1 Nxf2 25. Rxe8+ Bxe8 26. Qf3 Ng4 27.
Ne3 Qh2+ 28. Kf1 Qh1+ 29. Ke2 Nh2 30. Rxh1 Nxf3 31. gxf3 bxc5 32. c4 Rxb3 33.
Be5 Bxa4 34. Rd1 f6 35. Ra1 fxe5 36. Rxa4 Rb2+ 37. Kd3 Kf7 38. Rxa6 Rb7 39. Rc6
Rd7+ 40. Nd5 h5 41. Rxc5 h4 42. Ke2 Kg6 43. Ne3 Kf6 44. Ng4+ 0-1

[Event "XI Open"]
[Site "Crema ITA"]
[Date "2009.09.06"]
[Round "5"]
[White "Oteri, Aldo"]
[Black "Giannetta, Paolo"]
[Result "1-0"]
[WhiteElo "1830"]
[BlackElo "1931"]
[PlyCount "75"]
[EventDate "2009.09.04"]

1. e4 d5 2. exd5 Qxd5 3. Nc3 Qd8 4. d4 Nf6 5. Bc4 Bg4 6. f3 Bf5 7. Nge2 e6 8.
Ng3 Bg6 9. O-O c6 10. a4 a5 11. Be3 Nbd7 12. Qe2 Nb6 13. Bb3 Be7 14. Nce4 Nfd5
15. Bf2 O-O 16. c4 Nb4 17. Rfd1 Qc7 18. Rac1 Rad8 19. d5 exd5 20. Nf6+ Bxf6 21.
cxd5 Qe5 22. Qxe5 Bxe5 23. Bc5 Rfe8 24. Bxb4 axb4 25. dxc6 Rxd1+ 26. Rxd1 bxc6
27. Rd2 c5 28. Bc2 Bd4+ 29. Kf1 Bxc2 30. Rxc2 b3 31. Re2 Rxe2 32. Kxe2 Bxb2 33.
Kd3 Be5 34. Ne4 b2 35. Kc2 c4 36. a5 Kf8 37. a6 Bd4 38. Nd6 1-0

[Event "XI Open"]
[Site "Crema ITA"]
[Date "2009.09.06"]
[Round "5"]
[White "Pagano, Davide"]
[Black "Biava, Pierluigi"]
[Result "1/2-1/2"]
[WhiteElo "1563"]
[BlackElo "1784"]
[PlyCount "47"]
[EventDate "2009.09.04"]

1. e4 c5 2. Nf3 e6 3. d4 cxd4 4. Nxd4 a6 5. Nc3 Bb4 6. Bd2 Qc7 7. Qg4 g6 8. Bd3
Ne7 9. O-O Nbc6 10. Nf3 h5 11. Qg5 d6 12. a3 Bc5 13. Na4 Ba7 14. Bc3 e5 15. Bd2
b5 16. Nc3 Bg4 17. Qf6 O-O-O 18. Nd5 Nxd5 19. exd5 Qe7 20. Bg5 Qxf6 21. Bxf6
Bxf3 22. dxc6 Bxc6 23. Bxd8 Rxd8 24. c4 1/2-1/2